000 01288cab a22002295a 4500
001 L143446
008 080509s2008 xxk f 000 0 eng d
035 _a(Sirsi) u143446
041 0 _aeng
100 1 _aChan, Edwin H.W.
245 0 0 _aApplicability in Hong Kong of London's experiences on urban redevelopment practices
260 _c2008
490 _aProperty Management
_v26(2) 2008, 125-137(13)
520 _aExamines reviews of urban renewal practices in Hong Kong and London. Aims to compare the perceptions of the design professions. Considers the extent to which lessons learned in the London market can be applied to Hong Kong. Looks at various design considerations used when drawing up urban renewal strategies. Finds a number of considerations which could contribute towards economic, environmental and social sustainability. However distinctive features of cities do have an impact on the perception of design professionals. Some research is based upon a questionnaire sent to professionals in both countries.
590 _aKA
651 4 _aHong Kong
651 4 _aLondon
690 _aENVIRONMENTAL AND LAND CONSULTANCY-SUSTAINABILITY-SUSTAINABLE DEVELOPMENT
690 _aPROPERTY-PROPERTY MANAGEMENT-REGENERATION
700 1 _aLee, Grace K. L.
942 _n0
999 _c80182
_d80182